1944 1358 1702 1176 1793 1663 1034 1995 1777 1917 1358 1319 1947 1044 1503 1580 1243 1456 1504 1265 1618 1235 1849 1226 1581 1092 1364 1044 1769 1946 1035 1719 1465 1223 1808 1265 1416 1077 1731 1890 1446 1251 1393 1120 1385 1435 1593 1699 1329 1026 1411 1561 1793 1090 1942 1836 1962 1197 1383 1517 1385 1189 1105 1035 1811 1570 1354 1047 1770 1671 1118 1099 1594 1435 1614 1745 1904 1977 1822 1444 1074 1854 1146 1576 1040 1628 1754 1239 1023 1324 1626 1636 1003 1540 1625 1459 1999 1128 1214 BCNSPRNW ULIB Ver.6.0+V

เปลี่ยนเป็นภาษาไทย

Change to English
 แสดงรายละเอียดบรรณานุกรม
  กลับหน้าหลัก

Brief Record : Get Marc (ISO 2709) : E-mail record : QR code < ปิดหน้าต่าง
LEADER : 00000nam 2200000uu 4500
001    13399108264
003     ULIB
008    110225s2543||||th 000 0 tha d
060 04 QV21^bส652ค 2543
245 00 คู่มือเภสัชกรผู้ทำสัญญาฯ /^cสถาบันพระบรมราชชนก ;ผู้เรียบเรียง มาโนช เกษกมล, จุฑาทิพย์ หิรัญนิรมล, อุณาโลม ชูแก้ว
260    [นนทบุรี] :^bสถาบัน,^c2543
300    51 หน้า ;^c21 ซม
650  7 เภสัชกร
650  7 กำลังค้นด้านสาธารณสุข
700 0  มาโนช เกษกมล
700 0  จุฑาทิพย์ หิรัญนิรมล
700 0  อุณาโลม ชูแก้ว
710 2  สถาบันพระบรมราชชนก
945    ^p0^l0^i01921
995    ทศพร
999 ^a ใช้งานได้ทุกระบบ
รายการนี้ยังไม่มีแท็ก
คุณยังไม่ได้ล็อกอิน คุณสามารถมีกิจกรรมร่วมกับเว็บไซต์ได้ แต่ต้องล็อกอินก่อน ::
  ล็อกอิน

รายการสื่อสารสนเทศ

ลำดับที่ ประเภท เลขเรียก/บาร์โค้ด สถานที่ สถานะ
- ไม่พบข้อมูล -

รายการใกล้เคียง
    หัวเรื่อง [เภสัชกร]

BibComment


ยังไม่เคยถูกคอมเมนท์

คอมเมนท์ทรัพยากรรายการนี้
  คอมเมนท์: คู่มือเภสัชกรผู้ท..


 Copyright 2026. Bcnsprnw @Library